Online katalóg knižníc regiónu Turca

Prvé čítanie o zvieratkách s veľkými písmenami (Record no. 22326)

MARC details
000 -LEADER
fixed length control field 01495nam a2200421 a 4500
001 - CONTROL NUMBER
control field 22326
003 - CONTROL NUMBER IDENTIFIER
control field VRT
005 - DATE AND TIME OF LATEST TRANSACTION
control field 20260326135236.0
008 - FIXED-LENGTH DATA ELEMENTS--GENERAL INFORMATION
fixed length control field 240314s2007 xo a b 000 j slo
015 ## - NATIONAL BIBLIOGRAPHY NUMBER
National bibliography number SNBA2007/09-04470
020 ## - INTERNATIONAL STANDARD BOOK NUMBER
International Standard Book Number 9788089246465
Qualifying information (viaz.)
035 ## - SYSTEM CONTROL NUMBER
System control number D5A995E4-73BD-41B3-927F-436F3299EDF1
035 ## - SYSTEM CONTROL NUMBER
System control number urn:nbn:sk:snk-amjv94
035 ## - SYSTEM CONTROL NUMBER
System control number urn:nbn:sk:snk-am007yut
039 #9 - LEVEL OF BIBLIOGRAPHIC CONTROL AND CODING DETAIL [OBSOLETE]
Level of rules in bibliographic description 202403141050
Level of effort used to assign nonsubject heading access points VLOAD
Level of effort used to assign subject headings 201511121633
Level of effort used to assign classification VLOAD
Level of effort used to assign subject headings 201507071532
Level of effort used to assign classification VLOAD
Level of effort used to assign subject headings 200710221545
Level of effort used to assign classification msnk38
040 ## - CATALOGING SOURCE
Original cataloging agency SNK
Language of cataloging slo
Transcribing agency SNK
Description conventions AACR2
041 1# - LANGUAGE CODE
Language code of text/sound track or separate title slo
Language code of original ger
044 ## - COUNTRY OF PUBLISHING/PRODUCING ENTITY CODE
MARC country code xo
ISO country code SK
072 #7 - SUBJECT CATEGORY CODE
Subject category code 821-93
Subject category code subdivision Literatúra pre deti a mládež
Source konspekt
080 ## - UNIVERSAL DECIMAL CLASSIFICATION NUMBER
Universal Decimal Classification number 821-93
Edition identifier 2001
080 ## - UNIVERSAL DECIMAL CLASSIFICATION NUMBER
Universal Decimal Classification number (0:82-32)
Edition identifier 2001
100 1# - MAIN ENTRY--PERSONAL NAME
Personal name Haderlein, Ute
Relationship aut
240 14 - UNIFORM TITLE
Uniform title Die schönster Tiergeschichten
Language of a work Slovensky
245 10 - TITLE STATEMENT
Title Prvé čítanie o zvieratkách s veľkými písmenami
Statement of responsibility, etc. text Ute Haderlein ; ilustroval Bob Bampton ; [z nemeckého vydania preložila Lucia Tkáčiková]
250 ## - EDITION STATEMENT
Edition statement 1. vyd.
260 ## - PUBLICATION, DISTRIBUTION, ETC.
Place of publication, distribution, etc. Bratislava
Name of publisher, distributor, etc. Svojtka & Co.
Date of publication, distribution, etc. 2007
300 ## - PHYSICAL DESCRIPTION
Extent 85 s.
Other physical details fareb. ilustr.
Dimensions 27 cm
655 #7 - INDEX TERM--GENRE/FORM
Genre/form data or focus term publikácie pre deti
Source of term SNKPH
655 #7 - INDEX TERM--GENRE/FORM
Genre/form data or focus term príbehy
Source of term SNKPH
700 1# - ADDED ENTRY--PERSONAL NAME
Personal name Bampton, Bob
Relationship ill
700 1# - ADDED ENTRY--PERSONAL NAME
Personal name Tkáčiková, Lucia
Relationship trl
942 ## - ADDED ENTRY ELEMENTS (KOHA)
Source of classification or shelving scheme Dewey Decimal Classification
Koha item type Krásna literatúra pre deti
Suppress in OPAC No
949 ## - LOCAL PROCESSING INFORMATION (OCLC)
6 17A0561243
a snkSB 74897
b snk2007/20109
o 1962/07
s 6100:20140925
949 ## - LOCAL PROCESSING INFORMATION (OCLC)
6 273K0465031
a svkpoC 47821
b svkpo496179
949 ## - LOCAL PROCESSING INFORMATION (OCLC)
6 17A0561244
a snkSB 74897 D1
b snk2007/20110
o 1962/07
980 ## - EQUIVALENCE OR CROSS-REFERENCE-SERIES STATEMENT--PERSONAL NAME/TITLE [LOCAL, CANADA]
Personal name 821-93
980 ## - EQUIVALENCE OR CROSS-REFERENCE-SERIES STATEMENT--PERSONAL NAME/TITLE [LOCAL, CANADA]
Personal name 821-32
Holdings
Stav vyradenia Strata Poškodenie Spôsob nadobudnutia Domovská knižnica Aktuálna knižnica Dátum nadobudnutia Total checkouts Čiarový kód exemplára Date last seen Typ exemplára
      Dar Obecná knižnica Turčianska Štiavnička Obecná knižnica Turčianska Štiavnička 26.03.2026   4738000744 26.03.2026 Krásna literatúra pre deti
Projekt je podporený Slovenskou asociáciou knižníc
Prevádzkuje Turčianska knižnica Martin 2026